[Event "Junior Online 4NCL Division 2"]
[Site "online"]
[Date "2020.04.16"]
[Round "1.25"]
[White "Murawski, Jan"]
[Black "Pert, Nina"]
[Result "1-0"]
[WhiteElo "1630"]
[BlackElo "1772"]
[PlyCount "155"]
[EventDate "2020.04.16"]
[WhiteTeam "Ojays C"]
[BlackTeam "Brentwood 1"]

1. d4 e6 2. c4 f5 3. Nc3 Nf6 4. g3 Bb4 5. Bg2 O-O 6. Bg5 d6 7. e3 Qe8 8. Nge2
Kh8 9. O-O e5 10. a3 Bxc3 11. Nxc3 Nc6 12. b4 Ng4 13. h3 Nf6 14. d5 Ne7 15. e4
f4 16. Bxf6 Rxf6 17. Nb5 Qd8 18. c5 a6 19. cxd6 cxd6 20. Nc3 Rh6 21. g4 Ng6 22.
Rc1 Nh4 23. b5 Bd7 24. a4 Rg6 25. f3 h5 26. bxa6 bxa6 27. Qb3 Rb8 28. Qc4 Qb6+
29. Rf2 Qe3 30. Nd1 Qb6 31. Nc3 Qe3 32. Nd1 Qa7 33. Qc7 Qxc7 34. Rxc7 Bxa4 35.
Nc3 Bb5 36. Nxb5 axb5 37. Rcc2 hxg4 38. hxg4 Nxg2 39. Kxg2 Rf6 40. Rb2 Rf7 41.
Rf1 Rfb7 42. Rfb1 b4 43. Rxb4 Rxb4 44. Rh1+ Kg8 45. Rc1 Rb2+ 46. Kh3 Rb1 47.
Rc6 R8b2 48. Kh4 Kh7 49. Rxd6 Rb6 50. Rxb6 Rxb6 51. Kg5 Rg6+ 52. Kf5 Rf6+ 53.
Kxe5 Kg8 54. g5 Rf7 55. d6 Kf8 56. Ke6 Ke8 57. e5 g6 58. Kd5 Kd7 59. e6+ Ke8
60. exf7+ Kxf7 61. Ke5 Ke8 62. Kf6 Kd7 63. Kxg6 Kxd6 64. Kf7 Kd7 65. g6 Kd6 66.
g7 Kd7 67. g8=Q Kd6 68. Qd8+ Ke5 69. Qf6+ Kd5 70. Qxf4 Kc6 71. Qd4 Kc7 72. Qd5
Kc8 73. Qc6+ Kb8 74. Qd7 Ka8 75. Ke6 Kb8 76. Kd6 Ka8 77. Kc6 Kb8 78. Qb7# 1-0

[Event "Junior Online 4NCL Division 2"]
[Site "online"]
[Date "2020.04.16"]
[Round "1.26"]
[White "Pert, Max"]
[Black "Domingo, Marco"]
[Result "1-0"]
[WhiteElo "1727"]
[BlackElo "1547"]
[PlyCount "177"]
[EventDate "2020.04.16"]
[WhiteTeam "Brentwood 1"]
[BlackTeam "Ojays C"]

1. d4 d5 2. Nf3 c5 3. e3 Nc6 4. Bb5 Bd7 5. h3 Nf6 6. O-O g6 7. Nc3 a6 8. Bxc6
Bxc6 9. Ne5 cxd4 10. Qxd4 Bg7 11. Nxc6 bxc6 12. Qa4 Qd6 13. Rd1 O-O 14. Qh4 Qe5
15. Bd2 Rad8 16. Qa4 Rd6 17. Qxa6 c5 18. Qe2 d4 19. exd4 Qxd4 20. Nb5 Qxb2 21.
Nxd6 exd6 22. Qc4 Qe5 23. Bc3 Qg5 24. Rd3 Nh5 25. Bxg7 Kxg7 26. Qc3+ Kg8 27.
Re1 Nf4 28. Rg3 Qd5 29. Qf3 Qxf3 30. Rxf3 Ne6 31. c3 Ra8 32. Re2 Ra3 33. Rb2
Ng5 34. Rg3 Ne4 35. Re3 Nxc3 36. Rc2 Nb5 37. Rxa3 Nxa3 38. Rd2 Nb5 39. a4 Nc3
40. Rxd6 Nxa4 41. Ra6 Nb2 42. Kf1 Kf8 43. Rc6 Nd3 44. Ke2 Nf4+ 45. Kf3 Nd3 46.
Ke3 Ne5 47. Rxc5 Nd7 48. Rd5 Nf6 49. Rd4 Kg7 50. Kf4 Nh5+ 51. Kg5 h6+ 52. Kh4
Nf6 53. g4 Nh7 54. f4 Nf8 55. Rd5 Ne6 56. f5 Nf4 57. Rd4 Ng2+ 58. Kg3 Ne3 59.
fxg6 f5 60. Kf4 fxg4 61. Kxe3 gxh3 62. Rh4 Kxg6 63. Rxh3 Kg5 64. Kf3 h5 65. Kg3
Kf5 66. Rxh5+ Ke4 67. Kg4 Ke3 68. Ra5 Ke4 69. Kg5 Kd4 70. Kf6 Ke4 71. Rh5 Kd4
72. Ke6 Kc4 73. Kd6 Kd4 74. Rh4+ Ke3 75. Kd5 Kf3 76. Ke5 Kg3 77. Ra4 Kf3 78.
Rb4 Kg3 79. Kf5 Kf3 80. Rb3+ Kf2 81. Ke4 Kg2 82. Kf4 Kf2 83. Rb2+ Ke1 84. Ke3
Kd1 85. Rh2 Kc1 86. Kd3 Kb1 87. Kc3 Ka1 88. Kb3 Kb1 89. Rh1# 1-0

[Event "Junior Online 4NCL Division 2"]
[Site "online"]
[Date "2020.04.16"]
[Round "1.27"]
[White "Macabenta, Kei"]
[Black "Horton, Jake H"]
[Result "1-0"]
[WhiteElo "1532"]
[BlackElo "1435"]
[PlyCount "161"]
[EventDate "2020.04.16"]
[WhiteTeam "Ojays C"]
[BlackTeam "Brentwood 1"]

1. e4 e5 2. Nf3 Nc6 3. Bb5 Nf6 4. O-O a6 5. Bxc6 dxc6 6. Nxe5 Qd4 7. Nf3 Qc4 8.
d3 Qb4 9. Nc3 Bg4 10. h3 Bh5 11. a3 Qc5 12. d4 Qb6 13. e5 Nd5 14. Nxd5 cxd5 15.
c3 Be7 16. Qd3 g6 17. Nd2 O-O-O 18. b4 Rhe8 19. Bb2 f5 20. c4 dxc4 21. Nxc4 Qc6
22. Ne3 Kb8 23. d5 Qb6 24. Nc4 Qb5 25. d6 cxd6 26. exd6 Bxd6 27. Qb3 Bc7 28.
Rfe1 Be2 29. Ne3 Bd3 30. Bf6 Rd6 31. Bb2 Rdd8 32. a4 Qd7 33. Bf6 Be5 34. Bxe5+
Rxe5 35. Nc4 Bxc4 36. Qxc4 Rc8 37. Qf4 Rce8 38. Rxe5 Rxe5 39. Qxe5+ Ka7 40.
Qe3+ Kb8 41. Qg3+ Ka7 42. Qe3+ Kb8 43. Qe2 Ka7 44. Qd1 Qc7 45. Qc1 Qd7 46. Qc5+
Kb8 47. Qf8+ Ka7 48. Qc5+ Kb8 49. Qe3 Qd8 50. Re1 Kc7 51. Qe7+ Qxe7 52. Rxe7+
Kc6 53. Rxh7 b5 54. Rg7 bxa4 55. Rxg6+ Kb5 56. Rg3 Kxb4 57. Rg6 Ka5 58. Rg3 Kb4
59. h4 a3 60. Rxa3 Kxa3 61. h5 Kb3 62. h6 a5 63. h7 a4 64. h8=Q a3 65. Qh3+ Kb2
66. Qxa3+ Kxa3 67. Kh2 Kb4 68. Kg3 Kc5 69. Kf4 Kd5 70. Kxf5 Kd6 71. Kf6 Kd5 72.
g4 Ke4 73. g5 Kf3 74. g6 Ke2 75. g7 Kf3 76. g8=Q Ke2 77. Qg3 Kf1 78. Ke5 Ke2
79. Ke4 Kf1 80. Ke3 Ke1 81. Qg1# 1-0

[Event "Junior Online 4NCL Division 2"]
[Site "online"]
[Date "2020.04.16"]
[Round "1.28"]
[White "Antonopoulos, Chris"]
[Black "Amoako, Selikem PJ"]
[Result "1-0"]
[WhiteElo "1307"]
[BlackElo "1480"]
[PlyCount "51"]
[EventDate "2020.04.16"]
[WhiteTeam "Brentwood 1"]
[BlackTeam "Ojays C"]

1. e4 Nf6 2. Nc3 e5 3. Nf3 Nc6 4. Bc4 Nxe4 5. O-O Nf6 6. d3 d5 7. Bb3 h6 8. d4
e4 9. Ne5 Be7 10. Ba4 Bd7 11. f3 Nxe5 12. dxe5 Bxa4 13. Nxa4 Nh7 14. Qe2 exf3
15. Qxf3 O-O 16. Qd3 Qd7 17. Nc3 c6 18. Qg3 Ng5 19. h4 Ne6 20. Bxh6 Bxh4 21.
Qxh4 gxh6 22. Qxh6 Qe7 23. Rf3 Ng7 24. Rg3 Qxe5 25. Rh3 Rfe8 26. Qh8# 1-0

[Event "Junior Online 4NCL Division 2"]
[Site "online"]
[Date "2020.04.16"]
[Round "1.31"]
[White "Auchi, Nadhmi"]
[Black "Saunders, Aron"]
[Result "1-0"]
[WhiteElo "1922"]
[BlackElo "1765"]
[PlyCount "75"]
[EventDate "2020.04.16"]
[WhiteTeam "Hammersmith 1"]
[BlackTeam "Downend Upstarts"]

1. e4 c6 2. Nc3 d5 3. Nf3 dxe4 4. Nxe4 Bf5 5. Ng3 Bg6 6. h4 h6 7. Ne5 Bh7 8.
Qh5 g6 9. Qf3 Nf6 10. Qb3 Qd5 11. Qxb7 Qxe5+ 12. Be2 Qd6 13. Qxa8 Qc7 14. Ba6
Qe5+ 15. Ne2 Qc7 16. Qb7 Qxb7 17. Bxb7 Kd8 18. d4 Nd5 19. c4 Kc7 20. cxd5 Kxb7
21. dxc6+ Nxc6 22. O-O g5 23. hxg5 hxg5 24. Bxg5 Rg8 25. Bf4 Bd3 26. Rfe1 Bxe2
27. Rxe2 Nxd4 28. Re3 e5 29. Bxe5 Bc5 30. Bxd4 Bxd4 31. Re7+ Kb6 32. Rxf7 Re8
33. Rd1 Bxb2 34. Rb1 Re2 35. Rf3 Kc6 36. Rb3 Bd4 37. Rc1+ Kd7 38. Rd3 1-0

[Event "Junior Online 4NCL Division 2"]
[Site "online"]
[Date "2020.04.16"]
[Round "1.32"]
[White "Carter, Thomas"]
[Black "Esiri, Jack"]
[Result "1-0"]
[WhiteElo "1592"]
[BlackElo "1765"]
[PlyCount "73"]
[EventDate "2020.04.16"]
[WhiteTeam "Downend Upstarts"]
[BlackTeam "Hammersmith 1"]

1. e4 e6 2. d4 d5 3. e5 c5 4. c3 Qb6 5. Nf3 Nc6 6. Bd3 Bd7 7. dxc5 Bxc5 8. O-O
f6 9. Bf4 Rc8 10. b3 d4 11. Qc2 fxe5 12. Nxe5 dxc3 13. Bxh7 Nf6 14. Qg6+ Ke7
15. Qf7+ Kd8 16. Qxg7 Rxh7 17. Qxf6+ Be7 18. Qg6 Nxe5 19. Qxh7 Qd4 20. Qh8+ Be8
21. Qxe5 Bf6 22. Qxd4+ Bxd4 23. Na3 Bf6 24. Rac1 Bg6 25. Rfd1+ Ke8 26. Rd6 c2
27. Rxe6+ Kf7 28. Re2 Bb2 29. Rcxc2 Bxc2 30. Nxc2 Rd8 31. g3 Kf6 32. Ne3 Bd4
33. Ng4+ Kf5 34. h3 Rh8 35. Kg2 Rc8 36. Be3 Bg7 37. Bxa7 1-0

[Event "Junior Online 4NCL Division 2"]
[Site "online"]
[Date "2020.04.16"]
[Round "1.33"]
[White "McBrinn, Conall"]
[Black "Ahmed, Bilal"]
[Result "1/2-1/2"]
[WhiteElo "1667"]
[BlackElo "1570"]
[PlyCount "140"]
[EventDate "2020.04.16"]
[WhiteTeam "Hammersmith 1"]
[BlackTeam "Downend Upstarts"]

1. d4 Nf6 2. c4 g6 3. Nc3 Bg7 4. e4 d6 5. Nf3 O-O 6. Bg5 h6 7. Bh4 Qe8 8. Bd3
a5 9. O-O Nbd7 10. Nb5 Qd8 11. Rc1 e5 12. d5 g5 13. Bg3 Nc5 14. Re1 Nh7 15. h3
f5 16. exf5 Nxd3 17. Qxd3 Bxf5 18. Qd2 g4 19. hxg4 Bxg4 20. Nh2 Bd7 21. a4 Kh8
22. b3 Bf5 23. c5 Qf6 24. cxd6 cxd6 25. Rc7 b6 26. Rc6 Rad8 27. Rxb6 h5 28.
Bxe5 Qg6 29. Bxg7+ Qxg7 30. Rxd6 Rxd6 31. Nxd6 Bh3 32. g3 h4 33. Qe3 hxg3 34.
Qxg3 Qd7 35. Re3 Rg8 36. Ne4 Rxg3+ 37. Rxg3 Bf5 38. Nc3 Qb7 39. Nd1 Qxd5 40.
Ne3 Qd7 41. Rf3 Be4 42. Rf4 Bd5 43. Rd4 Qg7+ 44. Rg4 Qa1+ 45. Nhf1 Bxb3 46. Nc4
Qxa4 47. Nfe3 Qa1+ 48. Kg2 a4 49. Nd6 a3 50. Nc2 Qf6 51. Ne4 Qc6 52. Nxa3 Bd5
53. f3 Bxe4 54. Rxe4 Qg6+ 55. Rg4 Qd3 56. Nc4 Qf5 57. Nd6 Qc2+ 58. Kh3 Qc7 59.
Ne4 Qf7 60. Kg3 Qc7+ 61. Kh3 Qf7 62. Kg3 Nf6 63. Rh4+ Nh5+ 64. Kf2 Qf5 65. Ng3
Qc5+ 66. Kg2 Qc2+ 67. Kh3 Qc8+ 68. Kg2 Qc2+ 69. Kh3 Qc8+ 70. Kg2 Qc2+ 1/2-1/2

[Event "Junior Online 4NCL Division 2"]
[Site "online"]
[Date "2020.04.16"]
[Round "1.34"]
[White "Goodhew, Finn"]
[Black "Aserkoff, Daniel"]
[Result "1-0"]
[WhiteElo "1562"]
[BlackElo "1562"]
[PlyCount "107"]
[EventDate "2020.04.16"]
[WhiteTeam "Downend Upstarts"]
[BlackTeam "Hammersmith 1"]

1. d4 d5 2. c4 c6 3. Nc3 Nf6 4. Nf3 Bf5 5. Bf4 e6 6. e3 Bd6 7. Bxd6 Qxd6 8. h3
Nbd7 9. cxd5 exd5 10. Bd3 Bg6 11. Rc1 O-O 12. Bxg6 fxg6 13. O-O Rae8 14. Qc2
Nb6 15. b3 Ne4 16. Ne5 Nf6 17. a4 Nbd7 18. Nxd7 Qxd7 19. Qd3 Qf5 20. Qd2 Ne4
21. Nxe4 Qxe4 22. Qc2 Qf5 23. Qc5 a6 24. Qb6 Qd7 25. Qb4 Qe7 26. Qxe7 Rxe7 27.
Rc5 Ref7 28. f3 Re7 29. Re1 Rfe8 30. Kf2 Kf7 31. Rc2 Kf6 32. Rce2 Kf5 33. b4 g5
34. b5 axb5 35. axb5 cxb5 36. Rb1 Rc8 37. Rxb5 Ke6 38. e4 dxe4 39. Rxe4+ Kf6
40. Rxe7 Kxe7 41. Rxb7+ Kf6 42. Rb2 Rd8 43. Rd2 Rd5 44. Ke3 Kf5 45. g4+ Ke6 46.
Ke4 g6 47. Ra2 h5 48. Ra6+ Rd6 49. Rxd6+ Kxd6 50. gxh5 gxh5 51. Kf5 g4 52. fxg4
hxg4 53. hxg4 Kd5 54. g5 1-0

[Event "Junior Online 4NCL Division 2"]
[Site "online"]
[Date "2020.04.16"]
[Round "1.35"]
[White "Saunders, Aron"]
[Black "Auchi, Nadhmi"]
[Result "1/2-1/2"]
[WhiteElo "1765"]
[BlackElo "1922"]
[PlyCount "151"]
[EventDate "2020.04.16"]
[WhiteTeam "Downend Upstarts"]
[BlackTeam "Hammersmith 1"]

1. e4 e6 2. d4 d5 3. exd5 exd5 4. Nf3 Nc6 5. c4 Nf6 6. Nc3 Bb4 7. Bg5 O-O 8.
cxd5 Qe8+ 9. Be2 Nxd5 10. Qc2 h6 11. Bd2 Bxc3 12. bxc3 Bg4 13. Qd3 Qd7 14. O-O
Bf5 15. Qb5 a6 16. Qb3 Rfe8 17. Rfe1 Nf6 18. Rac1 Be6 19. Qc2 Rad8 20. Bd3 Bd5
21. Bf5 Qd6 22. Be3 Bxf3 23. gxf3 Nd5 24. Be4 Nxe3 25. fxe3 Qf6 26. Qg2 b6 27.
Kh1 Ne7 28. Rg1 Nd5 29. Bxd5 Rxd5 30. e4 Rg5 31. Qf2 Rxg1+ 32. Rxg1 Re6 33. d5
Re8 34. Qe3 Kh8 35. Qd3 Qf4 36. Rf1 Re5 37. Rf2 a5 38. Kg1 Rg5+ 39. Kf1 Qc1+
40. Ke2 Qb2+ 41. Qd2 Qxd2+ 42. Kxd2 Kg8 43. c4 Kf8 44. Ke3 Re5 45. f4 Re8 46.
Kd4 Ke7 47. e5 Kd7 48. Rb2 g5 49. fxg5 hxg5 50. Rg2 Rh8 51. Rf2 Rh4+ 52. Kd3
Ke7 53. Rc2 Rh3+ 54. Ke4 Rh4+ 55. Kf3 Rf4+ 56. Kg3 Rd4 57. h3 Re4 58. c5 Rxe5
59. d6+ Kd7 60. cxb6 cxb6 61. Rc7+ Kxd6 62. Rxf7 Ke6 63. Rb7 Rb5 64. Kg4 Kf6
65. a3 Rb3 66. Rb8 Rxa3 67. Rxb6+ Kg7 68. Kxg5 Rxh3 69. Ra6 Rg3+ 70. Kf4 Ra3
71. Ke4 a4 72. Kd4 Ra1 73. Kc3 a3 74. Kb3 a2 75. Rxa2 Rxa2 76. Kxa2 1/2-1/2

[Event "Junior Online 4NCL Division 2"]
[Site "online"]
[Date "2020.04.16"]
[Round "1.36"]
[White "Esiri, Jack"]
[Black "Carter, Thomas"]
[Result "0-1"]
[WhiteElo "1765"]
[BlackElo "1592"]
[PlyCount "38"]
[EventDate "2020.04.16"]
[WhiteTeam "Hammersmith 1"]
[BlackTeam "Downend Upstarts"]

1. e4 e5 2. Nf3 Nc6 3. Bc4 f6 4. d4 exd4 5. c3 Nge7 6. Qb3 d5 7. exd5 Na5 8.
Qa4+ c6 9. dxc6 Nexc6 10. Bb5 Qe7+ 11. Kd1 Qd6 12. Re1+ Be7 13. Kc2 Bf5+ 14.
Bd3 Bxd3+ 15. Kxd3 dxc3+ 16. Kc2 O-O 17. Nxc3 Nb4+ 18. Kb1 Qd3+ 19. Qc2 Qxc2#
0-1

[Event "Junior Online 4NCL Division 2"]
[Site "online"]
[Date "2020.04.16"]
[Round "1.37"]
[White "Ahmed, Bilal"]
[Black "McBrinn, Conall"]
[Result "0-1"]
[WhiteElo "1570"]
[BlackElo "1667"]
[PlyCount "74"]
[EventDate "2020.04.16"]
[WhiteTeam "Downend Upstarts"]
[BlackTeam "Hammersmith 1"]

1. e4 e6 2. d4 d5 3. Nd2 c5 4. exd5 Qxd5 5. Ngf3 cxd4 6. Nb3 Nc6 7. Nbxd4 Nxd4
8. Nxd4 a6 9. Be3 Nf6 10. f3 Be7 11. Qd2 b5 12. Be2 Bb7 13. Qa5 O-O 14. O-O-O
Rfc8 15. Kb1 Qe5 16. Bd3 Qxe3 17. Nb3 Qf4 18. Rdf1 Rc6 19. g3 Qe5 20. f4 Qh5
21. Qd2 Rc7 22. Rhg1 Rac8 23. Nd4 Bc5 24. Qf2 Qd5 25. c3 Rd8 26. Rd1 Qd7 27.
Qd2 Qe7 28. Rge1 Rcd7 29. Kc2 Bxd4 30. cxd4 Rxd4 31. Re3 R4d7 32. Kb1 Nd5 33.
Rf3 Nb4 34. Re3 Nxd3 35. Rxd3 Be4 36. Qc3 Bxd3+ 37. Rxd3 Rxd3 0-1

[Event "Junior Online 4NCL Division 2"]
[Site "online"]
[Date "2020.04.16"]
[Round "1.38"]
[White "Aserkoff, Daniel"]
[Black "Goodhew, Finn"]
[Result "1/2-1/2"]
[WhiteElo "1562"]
[BlackElo "1562"]
[PlyCount "81"]
[EventDate "2020.04.16"]
[WhiteTeam "Hammersmith 1"]
[BlackTeam "Downend Upstarts"]

1. e4 e6 2. d4 d5 3. exd5 exd5 4. Bd3 Nf6 5. Nf3 Bd6 6. c3 Qe7+ 7. Qe2 Qxe2+ 8.
Kxe2 O-O 9. Re1 Bg4 10. Nbd2 Nbd7 11. h3 Bh5 12. g4 Bg6 13. Bxg6 hxg6 14. Kf1
Rfe8 15. Nb3 Rxe1+ 16. Kxe1 Re8+ 17. Kf1 Ne4 18. Be3 a6 19. Nfd2 Ndf6 20. Re1
c6 21. f3 Nxd2+ 22. Bxd2 Rxe1+ 23. Kxe1 Nd7 24. Ke2 f6 25. Kd3 Kf7 26. f4 f5
27. g5 Nf8 28. Nc5 Bxc5 29. dxc5 Ne6 30. b4 Ke7 31. a4 Kd7 32. a5 Nc7 33. c4
dxc4+ 34. Kxc4 Nd5 35. Kd4 Ke6 36. Kc4 Nc7 37. Bc3 Kf7 38. Kd4 Nb5+ 39. Kc4
Na3+ 40. Kb3 Nb5 41. Kc4 1/2-1/2

[Event "Junior Online 4NCL Division 2"]
[Site "online"]
[Date "2020.04.16"]
[Round "1.41"]
[White "Truscott, Philip E"]
[Black "Moran, Hugh"]
[Result "0-1"]
[WhiteElo "1660"]
[BlackElo "1673"]
[PlyCount "134"]
[EventDate "2020.04.16"]
[WhiteTeam "Harrow Juniors A"]
[BlackTeam "Gonzaga College SJ B"]

1. e4 d6 2. d4 Nf6 3. Nc3 e5 4. dxe5 dxe5 5. Qxd8+ Kxd8 6. Bg5 Be6 7. O-O-O+
Kc8 8. f4 exf4 9. Bxf4 Nbd7 10. Nf3 h6 11. h4 c6 12. Ne5 Nxe5 13. Bxe5 Be7 14.
Be2 Rg8 15. Bd6 Bxd6 16. Rxd6 Kc7 17. e5 Ng4 18. Bxg4 Bxg4 19. Rf1 Be6 20. Ne4
b6 21. g4 Bd5 22. Nc3 Be6 23. Rf2 Rad8 24. Rfd2 Bxg4 25. Ne4 Be6 26. a3 Bf5 27.
Ng3 Be6 28. b4 Rxd6 29. exd6+ Kd7 30. Ne4 f6 31. c3 Bf5 32. Ng3 Bg4 33. Rd4 h5
34. Kd2 Re8 35. Ne4 Bf3 36. Ke3 Bxe4 37. Rxe4 Rxe4+ 38. Kxe4 Kxd6 39. Kf5 Ke7
40. Kg6 Kf8 41. Kxh5 Kf7 42. Kg4 Kg6 43. h5+ Kh6 44. Kh4 g6 45. hxg6 Kxg6 46.
Kg4 f5+ 47. Kf4 Kf6 48. c4 c5 49. bxc5 bxc5 50. a4 a5 51. Kf3 Ke5 52. Ke3 f4+
53. Kf3 Kf5 54. Ke2 Ke4 55. Kf2 f3 56. Kf1 Kd4 57. Kf2 Kxc4 58. Kxf3 Kb4 59.
Ke2 Kxa4 60. Kd2 Kb3 61. Kc1 c4 62. Kb1 a4 63. Ka1 c3 64. Kb1 c2+ 65. Kc1 a3
66. Kd2 Kb2 67. Kd3 c1=Q 0-1

[Event "Junior Online 4NCL Division 2"]
[Site "online"]
[Date "2020.04.16"]
[Round "1.43"]
[White "Khanna, Pranav"]
[Black "O'laoide, Liam"]
[Result "0-1"]
[WhiteElo "1607"]
[BlackElo "1585"]
[PlyCount "70"]
[EventDate "2020.04.16"]
[WhiteTeam "Harrow Juniors A"]
[BlackTeam "Gonzaga College SJ B"]

1. e4 c6 2. d4 d5 3. e5 Bf5 4. Nf3 e6 5. c3 Nd7 6. Bd3 Bxd3 7. Qxd3 c5 8. O-O
Ne7 9. Be3 Nf5 10. Nbd2 Nxe3 11. Qxe3 Be7 12. Rac1 O-O 13. h3 c4 14. b3 cxb3
15. axb3 b5 16. c4 bxc4 17. bxc4 dxc4 18. Nxc4 Nb6 19. Qd3 Nd5 20. Ne3 Nf4 21.
Qe4 Ne2+ 22. Kh1 Nxc1 23. Rxc1 Rc8 24. Rd1 Bg5 25. Nf1 Be7 26. Ne3 a5 27. Qd3
Qb6 28. Rb1 Qc6 29. Qd2 Bb4 30. Qd3 Qc3 31. Qxc3 Bxc3 32. Ng4 a4 33. Rc1 a3 34.
Ne3 a2 35. Nc2 Bb2 0-1

[Event "Junior Online 4NCL Division 2"]
[Site "online"]
[Date "2020.04.16"]
[Round "1.44"]
[White "Tempany, Max"]
[Black "Ivan, Austin"]
[Result "1-0"]
[WhiteElo "1551"]
[BlackElo "1510"]
[PlyCount "133"]
[EventDate "2020.04.16"]
[WhiteTeam "Gonzaga College SJ B"]
[BlackTeam "Harrow Juniors A"]

1. e4 d5 2. exd5 Qxd5 3. Nc3 Qd6 4. Nf3 Nf6 5. d4 Bg4 6. h3 Bxf3 7. Qxf3 c6 8.
Bf4 Qxd4 9. Nb5 cxb5 10. Bxb5+ Nbd7 11. Qxb7 Qe4+ 12. Qxe4 Nxe4 13. Bc6 Rc8 14.
Bxe4 e5 15. Be3 Nf6 16. Bd3 a5 17. Bb5+ Ke7 18. O-O-O Ke6 19. g4 Bd6 20. Rhe1
Nd5 21. Bd7+ Kxd7 22. Rxd5 a4 23. Red1 Rc6 24. Bc5 Rhc8 25. Rxd6+ Rxd6 26. Bxd6
Ke6 27. f4 exf4 28. Bxf4 f5 29. Rd6+ Ke7 30. gxf5 Rf8 31. Re6+ Kd7 32. Rd6+ Ke7
33. Rd5 Re8 34. Re5+ Kd7 35. Rxe8 Kxe8 36. c4 Ke7 37. c5 Kd7 38. Be5 g6 39.
fxg6 hxg6 40. h4 Kc6 41. Bd6 Kb5 42. Kc2 Kc6 43. b4 Kb5 44. a3 Kc6 45. Kc3 Kb5
46. Kd4 Kc6 47. Kc4 Kd7 48. b5 Ke6 49. Kb4 Kf5 50. Kxa4 Kg4 51. Be7 Kf4 52. b6
Ke5 53. b7 Ke4 54. b8=Q Kf5 55. Qc8+ Ke4 56. Qe6+ Kf4 57. Bd6+ Kf3 58. Qxg6 Ke3
59. Be5 Kf3 60. Qf5+ Ke3 61. Qf4+ Kd3 62. Kb4 Ke2 63. Qe4+ Kd2 64. Bd4 Kd1 65.
Qg2 Ke1 66. Bc3+ Kd1 67. Qd2# 1-0

[Event "Junior Online 4NCL Division 2"]
[Site "online"]
[Date "2020.04.16"]
[Round "1.45"]
[White "Moran, Hugh"]
[Black "Truscott, Philip E"]
[Result "1-0"]
[WhiteElo "1673"]
[BlackElo "1660"]
[PlyCount "157"]
[EventDate "2020.04.16"]
[WhiteTeam "Gonzaga College SJ B"]
[BlackTeam "Harrow Juniors A"]

1. e4 c5 2. Nf3 d6 3. d4 cxd4 4. Nxd4 Nf6 5. Nc3 a6 6. Be3 Nc6 7. f3 e5 8. Nb3
Be6 9. Qd2 Be7 10. O-O-O O-O 11. g4 Ne8 12. g5 f6 13. gxf6 Nxf6 14. Rg1 Nh5 15.
Be2 Nf4 16. Bxf4 Rxf4 17. Nd5 Bxd5 18. Qxd5+ Kh8 19. Rg2 Bg5 20. Kb1 h6 21.
Rdg1 Qf6 22. Na5 Qf7 23. Nxc6 Qxd5 24. exd5 bxc6 25. dxc6 a5 26. Rg4 Rxg4 27.
Rxg4 Rc8 28. Bb5 Bf4 29. h4 g5 30. hxg5 hxg5 31. Rg1 Kg7 32. Rd1 e4 33. fxe4
Kf6 34. Rd5 Ke6 35. Rf5 Ke7 36. c4 Kd8 37. Rf8+ Kc7 38. Rxc8+ Kxc8 39. Kc2 g4
40. Kd1 g3 41. Ke2 g2 42. Kf2 Bh2 43. Kxg2 Be5 44. b3 Kc7 45. Kf3 Kb6 46. Kg4
Kc7 47. Kf5 Kb6 48. Ke6 Kc7 49. Ke7 Kc8 50. a3 Kc7 51. b4 axb4 52. axb4 Bc3 53.
Ba4 Bxb4 54. Ke6 Bc5 55. Kd5 Bb4 56. Ke6 Bc5 57. Kf5 Bd4 58. Kg4 Be5 59. Bb5
Bd4 60. Kf5 Be5 61. Ke6 Bd4 62. Kd5 Bc5 63. Ba6 Bb4 64. Bb5 Bc3 65. c5 Bb4 66.
cxd6+ Bxd6 67. e5 Bf8 68. Ke6 Kb6 69. Ba4 Bg7 70. Kd6 Bf8+ 71. Kd7 Bg7 72. c7
Bxe5 73. c8=Q Ka5 74. Bd1 Bc3 75. Qxc3+ Kb5 76. Kc7 Ka6 77. Qb3 Ka5 78. Kc6 Ka6
79. Qa2# 1-0

[Event "Junior Online 4NCL Division 2"]
[Site "online"]
[Date "2020.04.16"]
[Round "1.47"]
[White "O'laoide, Liam"]
[Black "Khanna, Pranav"]
[Result "1-0"]
[WhiteElo "1585"]
[BlackElo "1607"]
[PlyCount "195"]
[EventDate "2020.04.16"]
[WhiteTeam "Gonzaga College SJ B"]
[BlackTeam "Harrow Juniors A"]

1. e4 e5 2. Nf3 Nc6 3. d4 exd4 4. Nxd4 Bc5 5. Nb3 Bb6 6. Nc3 d6 7. Qe2 Nf6 8.
f3 O-O 9. Be3 Ne5 10. O-O-O Be6 11. Qd2 Nc4 12. Bxc4 Bxc4 13. g4 Nd7 14. h4 Ne5
15. Qf2 Bxe3+ 16. Qxe3 a5 17. g5 Bxb3 18. cxb3 Qd7 19. f4 Nc6 20. f5 Ne5 21. f6
g6 22. h5 Kh8 23. hxg6 fxg6 24. Rh4 Qe6 25. Rdh1 Rf7 26. Nd5 c6 27. Nf4 Qd7 28.
Nd3 Nxd3+ 29. Qxd3 Qe6 30. Qh3 Qxh3 31. R1xh3 Re8 32. Kd2 Re5 33. Rg4 Re6 34.
Kd3 b5 35. Rh6 Kg8 36. Rh3 Kh8 37. Re3 Kg8 38. Kd4 Re5 39. Rg2 Kh8 40. Reg3 Kg8
41. Ke3 d5 42. Rg4 Rf8 43. Kd4 Rfe8 44. exd5 Rxd5+ 45. Kc3 Re3+ 46. Kc2 Rc5+
47. Kd2 Ree5 48. a3 Red5+ 49. Ke3 Re5+ 50. Kf3 Rf5+ 51. Ke2 Rfe5+ 52. Kd1 Red5+
53. Ke1 Re5+ 54. Kf1 Rc1+ 55. Kf2 Rc2+ 56. Kg3 Re3+ 57. Kf4 Rxg2 58. Rxg2 Rxb3
59. Rd2 Kf7 60. Rd7+ Ke6 61. Re7+ Kd6 62. Rxh7 Rxb2 63. Rg7 Ke6 64. Rxg6 Rf2+
65. Ke3 Rf5 66. Ke4 Re5+ 67. Kf4 Rf5+ 68. Kg4 Rd5 69. Rg8 Rd4+ 70. Kf3 b4 71.
axb4 axb4 72. Re8+ Kf7 73. Re7+ Kf8 74. g6 Rd6 75. Rf7+ Kg8 76. Kf4 b3 77. Ke5
Rd8 78. Rb7 Re8+ 79. Kf5 Rd8 80. Rxb3 Rd5+ 81. Ke6 Rd8 82. Rb6 c5 83. Rc6 Re8+
84. Kd7 Rf8 85. Ke7 Ra8 86. Rxc5 Ra7+ 87. Kd6 Ra6+ 88. Rc6 Rxc6+ 89. Kxc6 Kf8
90. Kd7 Kg8 91. Ke7 Kh8 92. f7 Kg7 93. f8=Q+ Kxg6 94. Qf6+ Kh5 95. Qg7 Kh4 96.
Kf6 Kh5 97. Kf5 Kh4 98. Qg4# 1-0

[Event "Junior Online 4NCL Division 2"]
[Site "online"]
[Date "2020.04.16"]
[Round "1.48"]
[White "Ivan, Austin"]
[Black "Tempany, Max"]
[Result "0-1"]
[WhiteElo "1510"]
[BlackElo "1551"]
[PlyCount "104"]
[EventDate "2020.04.16"]
[WhiteTeam "Harrow Juniors A"]
[BlackTeam "Gonzaga College SJ B"]

1. d4 Nf6 2. Nc3 d5 3. Bf4 g6 4. e3 Bg7 5. h4 h5 6. Nf3 Bg4 7. Be2 O-O 8. Ne5
Bxe2 9. Qxe2 Nbd7 10. O-O-O c6 11. Rdg1 Nxe5 12. Bxe5 b5 13. f3 b4 14. Na4 Nd7
15. Bxg7 Kxg7 16. g4 Nf6 17. gxh5 Nxh5 18. f4 Rh8 19. f5 Qd6 20. Qf2 Raf8 21.
Nc5 e5 22. Qh2 Re8 23. fxg6 fxg6 24. Nd3 a5 25. Qxe5+ Rxe5 26. dxe5 Qe7 27. Rg5
c5 28. Rhg1 c4 29. Rxg6+ Kh7 30. Nf4 Nxf4 31. Rg7+ Qxg7 32. Rxg7+ Kxg7 33. exf4
Rxh4 34. f5 c3 35. bxc3 bxc3 36. Kd1 Rh1+ 37. Ke2 Rh2+ 38. Kd3 Rh3+ 39. Kd4 Rh5
40. f6+ Kf7 41. Kxd5 Rf5 42. Kd6 Rf2 43. Kc5 Rxc2 44. a4 Ra2 45. Kd6 Re2 46.
Kd5 c2 47. Kd4 c1=Q 48. Kd5 Qd1+ 49. Kc6 Rc2+ 50. Kb5 Qb1+ 51. Kxa5 Rc8 52. Ka6
Ra8# 0-1

[Event "Junior Online 4NCL Division 2"]
[Site "online"]
[Date "2020.04.16"]
[Round "1.51"]
[White "Ratnesan, Radha"]
[Black "Sturge, Sam"]
[Result "1-0"]
[WhiteElo "1697"]
[BlackElo "1660"]
[PlyCount "73"]
[EventDate "2020.04.16"]
[WhiteTeam "KJCA Young Kestrels B"]
[BlackTeam "Surbiton Juniors A"]

1. d4 e6 2. c4 d5 3. Nf3 Nf6 4. e3 Be7 5. Nc3 b6 6. Be2 O-O 7. O-O Ba6 8. cxd5
Bxe2 9. Qxe2 exd5 10. Bd2 Re8 11. Rac1 c5 12. Ne5 Ne4 13. Nxe4 dxe4 14. Qc4 Rf8
15. Rfd1 Qc7 16. b4 Nd7 17. Nxd7 Qxd7 18. bxc5 bxc5 19. dxc5 Qc6 20. Bb4 Rfc8
21. Rd5 Rc7 22. Qxe4 Qa4 23. Rh5 h6 24. Qxa8+ Kh7 25. Qe4+ g6 26. Rh3 Rd7 27.
Qf3 Bf6 28. Qxf6 Rd1+ 29. Be1 Qd7 30. g3 Rxc1 31. Rxh6+ Kxh6 32. Qh8+ Kg5 33.
Qh4+ Kf5 34. Qh3+ Kf6 35. Qxd7 Rxe1+ 36. Kg2 Rc1 37. c6 1-0

[Event "Junior Online 4NCL Division 2"]
[Site "online"]
[Date "2020.04.16"]
[Round "1.52"]
[White "Jonikas, Augustas"]
[Black "Chaban, Roxolana"]
[Result "1-0"]
[WhiteElo "1540"]
[BlackElo "1690"]
[PlyCount "83"]
[EventDate "2020.04.16"]
[WhiteTeam "Surbiton Juniors A"]
[BlackTeam "KJCA Young Kestrels B"]

1. c4 c5 2. d3 g6 3. Nc3 Nc6 4. Bd2 Bg7 5. g3 e6 6. Bg2 Nge7 7. Qb3 O-O 8. Nf3
d5 9. O-O b6 10. cxd5 exd5 11. Bf4 a6 12. Rac1 Bb7 13. e4 Na5 14. Qc2 d4 15.
Nb1 Kh8 16. Nbd2 Rc8 17. Nb3 f5 18. Ng5 Nxb3 19. Qxb3 Qe8 20. Qxb6 Qc6 21. Qxc6
Rxc6 22. e5 Rb6 23. Rxc5 Bxg2 24. Kxg2 Rxb2 25. Ra5 Rb6 26. Rc5 h6 27. Nf3 Rc6
28. Rfc1 Rxc5 29. Rxc5 Rc8 30. Rxc8+ Nxc8 31. Nxd4 Kg8 32. Ne6 Bh8 33. d4 g5
34. Be3 Kf7 35. Nc5 a5 36. g4 f4 37. Bd2 Ke7 38. Kf3 a4 39. Nxa4 Ke6 40. Ke4
Nb6 41. Nxb6 Bg7 42. a4 1-0